000 003330000a22001450004500
003 MACL
040 _aMACL
090 _c31998
_d31996
100 _aNaik, Nitin K
245 _aComputer Networking & Data Communications
260 _bKamal Prakashan
_c2002
350 _a100
650 _aComputer Science
942 _cBOOK
_k004.6/NAI
999 _c31675
_d31675